La modificabilidad estructural cognitiva y el programa de enriquecimiento instrumental de R. Feuerstein

Guardat en:
Dades bibliogràfiques
Autor principal: Prieto Sánchez, María Dolores (autora)
Format: Llibre
Idioma:espanyol
Publicat: Madrid, España: Bruño, 1989.
Col·lecció:Nueva Escuela ;
Matèries:
Etiquetes: Afegir etiqueta
Sense etiquetes, Sigues el primer a etiquetar aquest registre!

MARC

LEADER 00000nam a2200000 a 4500
001 UCW6854
003 CL-VaPUC
005 20250328093822.0
008 920612e19890000SP |||||||||||||||||spa|d
020 |a 8421611283 
040 |c Pontificia Universidad Católica de Valparaíso 
082 0 4 |a 371.92 PRI 1989  |2 21 
100 |a Prieto Sánchez, María Dolores  |e autora  |9 311937 
245 1 3 |a La modificabilidad estructural cognitiva y el programa de enriquecimiento instrumental de R. Feuerstein 
260 |a Madrid, España:  |b Bruño,  |c 1989. 
300 |a 350 páginas.  
490 0 |a Nueva Escuela ;  |n  6. 
583 |a last modification  |c 19920612 00:00:00  |k Rodrigo Vera 
600 |a Feuerstein, Reuven   |d 1921-2014  |e Psicólogo   |9 897693 
650 0 |a Educación especial  |9 307486 
650 0 |a Desarrollo psicológico cognitivo  |9 897694 
650 0 |a Niños de aprendizaje lento  |2 CL-VaPUC  |9 307489 
942 |c BK  |2 ddc 
945 |d 19920612 00:00:00 
999 |c 219774  |d 219772 
952 |0 0  |1 0  |2 ddc  |4 0  |6 371_920000000000000_PRI_1989  |7 0  |8 A  |9 211096  |a BIBEDU  |b BIBEDU  |d 2019-11-15  |i 2793466  |o 371.92 PRI 1989  |p 2793466  |r 2023-01-13  |w 2019-11-15  |y BK  |k EDU 
952 |0 0  |1 0  |2 ddc  |4 0  |6 371_920000000000000_PRI_1989  |7 0  |8 A  |9 211097  |a BIBEDU  |b BIBEDU  |d 2019-11-15  |i 2793474  |o 371.92 PRI 1989  |p 2793474  |r 2023-01-13  |w 2019-11-15  |y BK  |k EDU 
952 |0 0  |1 0  |2 ddc  |4 0  |6 371_920000000000000_PRI_1989  |7 0  |8 A  |9 211098  |a BIBEDU  |b BIBEDU  |d 2019-11-15  |i 2793490  |o 371.92 PRI 1989  |p 2793490  |r 2023-01-13  |w 2019-11-15  |y BK  |k EDU 
952 |0 0  |1 0  |2 ddc  |4 0  |6 371_920000000000000_PRI_1989  |7 0  |8 A  |9 211099  |a BIBEDU  |b BIBEDU  |d 2019-11-15  |i 4594274  |l 1  |o 371.92 PRI 1989  |p 4594274  |r 2023-09-06  |s 2023-08-30  |w 2019-11-15  |y BK  |k BME 
952 |0 0  |1 0  |2 ddc  |4 0  |6 371_920000000000000_PRI_1989  |7 0  |8 A  |9 356886  |a BIBEDU  |b BIBEDU  |d 2019-11-21  |i 2940337  |o 371.92 PRI 1989  |p 2940337  |r 2023-01-13  |w 2019-11-21  |y BK  |k LIT